Statistics for Pokémon Doubly Weak to Ground

Click here to take the quiz!

General Stats

  • This quiz has been taken 18 times
  • The average score is 23 of 32

Answer Stats

NumberTypesAnswer% Correct
0081Electric/SteelMagnemite
87%
0082Electric/SteelMagneton
87%
0462Electric/SteelMagnezone
87%
0965Steel/PoisonVaroom
87%
0074Rock/ElectricGeodude (Alolan form)
80%
0076Rock/ElectricGolem (Alolan form)
80%
0075Rock/ElectricGraveler (Alolan form)
80%
0966Steel/PoisonRevavroom
80%
0757Poison/FireSalandit
80%
0758Poison/FireSalazzle
80%
0306Steel/RockAggron
73%
0304Steel/RockAron
73%
0411Rock/SteelBastiodon
73%
0485Fire/SteelHeatran
73%
0479Electric/FireHeat Rotom
73%
0305Steel/RockLairon
73%
0219Fire/RockMagcargo
73%
0410Rock/SteelShieldon
73%
0848Electric/PoisonToxel
73%
0849Electric/PoisonToxtricity
73%
0059Fire/RockArcanine (Hisuian form)
67%
0839Rock/FireCoalossal
67%
0058Fire/RockGrowlithe (Hisuian form)
67%
0838Rock/FireCarkol
60%
0969Rock/PoisonGlimmet
60%
0970Rock/PoisonGlimmora
60%
0793Rock/PoisonNihilego
60%
0805Rock/SteelStakataka
60%
0777Electric/SteelTogedemaru
60%
0994Fire/PoisonIron Moth
53%
0995Rock/ElectricIron Thorns
53%
0476Rock/SteelProbopass
53%

Score Distribution

Percentile by Number Answered

Percent of People with Each Score

Your Score History

You have not taken this quiz